| 000 | 00709nam a2200181Ia 4500 | ||
|---|---|---|---|
| 008 | 090630s9999 xx 000 0 und d | ||
| 082 | _b28602 | ||
| 100 | _aरावजी आशु - कानडे दिनू. | ||
| 245 |
_aलव्ह बर्डस्र. _cरावजी आशु - कानडे दिनू. |
||
| 260 |
_bडॉल्फीन - गोवा. _c2007 |
||
| 300 | _a200 | ||
| 600 | _aरावजी आशु - कानडे दिनू. | ||
| 630 | _aलव्ह बर्डस्र. | ||
| 655 | _aकादंबरी. | ||
| 700 | _aरावजी आशु - कानडे दिनू. | ||
| 730 | _aलव्ह बर्डस्र. | ||
| 942 | _cBOOK | ||
| 999 |
_c280458 _d280458 |
||